000 01208nam a22003017a 4500
001 6093
003 FISKH
005 20250311115226.0
008 250311b cb ||||| |||| 00| 0 eng d
020 _a9780007458424
040 _aDLC
_cDLC
_dDLC
_dWaU
_dDLC
_beng
050 _aPZ7.T5744 H
082 _a823.914
100 1 _aTolkien, J. R. R.
_q(John Ronald Reuel),
_d1892-1973.
245 1 4 _aThe hobbit, or, there and back again /
_cby J. R. R. Tolkien ; with illustrations by David Wyatt
250 _aThis edition published by Harper Collins Children's Book in 2013
260 _aLondon :
_bHarper Collins Publisher,
_c1937
300 _a365 pages :
_bcolor illustrations ; maps ;
_c20 cm
520 _aBilbo Baggins, a respectable, well-to-do hobbit, lives comfortably in his hobbit-hole until the day the wandering wizard Gandalf chooses him to take part in an adventure from which he may never return.
600 1 0 _aBaggins, Bilbo
_vFiction.
650 0 _aMiddle Earth (Imaginary place)
_vFiction.
650 1 _aFantasy.
655 0 _aFantasy fiction.
700 _aWyatt, David
_eillustrator
906 _a7
_bcbc
_corignew
_du
_eocip
_f19
_gy-gencatlg
942 _2ddc
_cBK
_n0
999 _c6093
_d6093